| 000 | 00465nam a2200157 a 4500 | ||
|---|---|---|---|
| 005 | 20140412111242.0 | ||
| 008 | 010327s19uu xx 00 eng d | ||
| 020 | _a971-06-1734-6 | ||
| 050 |
_aM 005.1 _bL42.2 1994 |
||
| 100 | _aBenito, Patricia Pe | ||
| 245 |
_aLearning basic programming, level 2 : _bfor elementary schools. |
||
| 260 |
_aQuezon City : _bPhoenix Publishing House, _c1994. |
||
| 300 | _a77 p. | ||
| 650 | _aComputer programming | ||
| 999 |
_c102769 _d102769 |
||